书目信息 |
| 题名: |
环境法学与民法学的对话
|
|
| 作者: | 侯佳儒, 著 | |
| 分册: | ||
| 出版信息: | 北京 中国法制出版社 2009.11 |
|
| 页数: | 278页 | |
| 开本: | 21cm | |
| 丛书名: | ||
| 单 册: | ||
| 中图分类: | D913.01 , D912.601 | |
| 科图分类: | ||
| 主题词: | 环境保护法--法的理论 , 民法--法的理论 | |
| 电子资源: | ||
| ISBN: | 978-7-5093-1514-9 | |
| 000 | 00976nam0 2200277 450 | |
| 001 | 012010601717 | |
| 005 | 20100522173457.45 | |
| 009 | 012004406358 | |
| 010 | @a978-7-5093-1514-9@dCNY25.00 | |
| 100 | @a20100515d2009 em y0chiy0110 ea | |
| 101 | 0 | @achi |
| 102 | @aCN@b110000 | |
| 105 | @ay a 000yy | |
| 200 | 1 | @a环境法学与民法学的对话@Ahuan jing fa xue yu min fa xue de dui hua@f侯佳儒著 |
| 210 | @a北京@c中国法制出版社@d2009.11 | |
| 215 | @a278页@d21cm | |
| 300 | @a211工程三期重点学科建设项目 | |
| 320 | @a有书目 (第265-278页) | |
| 330 | @a本书对环境法学与民法学对话现象进行了研究和论述,全书内容包括:后之时代的后现代话语、后现代语境下的环境法兴起、后现代语境下的当代民法转型、走向对话的环境法学与民法学、后现代话语与当代法学范式重构等。 | |
| 606 | 0 | @a环境保护法@x法的理论 |
| 606 | 0 | @a民法@x法的理论 |
| 690 | @aD913.01@v4 | |
| 690 | @aD912.601@v4 | |
| 701 | 0 | @a侯佳儒,@Ahou jia ru,@f1977-@4著 |
| 801 | 0 | @aCN@c20100515 |
| 905 | @dD912.601@eH425@f3 | |
| 环境法学与民法学的对话/侯佳儒著.-北京:中国法制出版社,2009.11 |
| 278页;21cm |
| 211工程三期重点学科建设项目 |
| ISBN 978-7-5093-1514-9:CNY25.00 |
| 本书对环境法学与民法学对话现象进行了研究和论述,全书内容包括:后之时代的后现代话语、后现代语境下的环境法兴起、后现代语境下的当代民法转型、走向对话的环境法学与民法学、后现代话语与当代法学范式重构等。 |
| ● |
| 相关链接 |
|
|
|
正题名:环境法学与民法学的对话
索取号:D912.601/H425
 
预约/预借
| 序号 | 登录号 | 条形码 | 馆藏地/架位号 | 状态 | 备注 |